Click the Biggest European Country - Hard - Statistics

General Stats
  • This quiz has been taken 87 times
  • The average score is 25 of 45
Answers on the Map
Answers color-coded by a green-red scale on the quiz's map according to % correct below.
 
Answer Stats
Answer % Correct
Biggest
100%
2nd Biggest
88%
3rd Biggest
85%
13th Biggest
80%
38th Biggest
80%
9th Biggest
80%
37th Biggest
78%
45th Biggest
78%
34th Biggest
76%
5th Biggest
73%
8th Biggest
73%
33rd Biggest
71%
36th Biggest
71%
44th Biggest
71%
24th Biggest
68%
43rd Biggest
68%
10th Biggest
66%
12th Biggest
61%
28th Biggest
59%
35th Biggest
59%
4th Biggest
59%
7th Biggest
59%
39th Biggest
56%
11th Biggest
54%
15th Biggest
54%
6th Biggest
54%
42nd Biggest
51%
31st Biggest
49%
23rd Biggest
46%
20th Biggest
44%
17th Biggest
41%
21st Biggest
41%
40th Biggest
39%
16th Biggest
34%
18th Biggest
34%
26th Biggest
34%
41st Biggest
34%
14th Biggest
32%
19th Biggest
29%
22nd Biggest
29%
30th Biggest
27%
32nd Biggest
27%
27th Biggest
20%
29th Biggest
20%
25th Biggest
17%
No matching quizzes found
Score Distribution
Percent of People with Each Score
Percentile by Number Answered
Your Score History
You have not taken this quiz